Batman Begins Trivia - Statistics

General Stats
  • This quiz has been taken 815 times
  • The average score is 8 of 20
Answer Stats
Hint Answer % Correct
Who leaves a "calling card" for the police / Batman at the end of the film? The Joker
79%
What is Alfred's last name? Pennyworth
74%
Who killed Thomas and Martha Wayne? Joe Chill
57%
Before his death, what was Thomas Wayne's profession? A Doctor
54%
What was the "Batmobile" called? The Tumbler
53%
What did Bruce take from Rachel before falling into the well? An Arrowhead
47%
He was a powerful mob boss who ran the Gotham underworld. Carmine Falcone
47%
What was Bruce's original excuse to Lucius Fox for borrowing equipment from Wayne Enterprises? Spelunking
45%
What did Bruce have to obtain before he could train with the League of Shadows? Blue Flower
38%
What type of car does Bruce drive to the hotel? Lamborghini
37%
Before his cowl was completed, what did Bruce use for a mask? Ski Mask
34%
What did Ra's Al Ghul claim his name was to conceal his true identity? Ducard
29%
Which low income neighborhood is Arkham Asylum located at? The Narrows
29%
What was Bruce's second excuse to Lucius Fox for borrowing equipment from Wayne Enterprises? Base Jumping
27%
Which cast member was nominated for a Razzie for their performance in the film? Katie Holmes
24%
What was stolen from the Wayne Enterprises cargo ship? A Microwave Emitter
21%
Other than Ra's Al Ghul and the Scarecrow, which other popular villian appeared in Batman Begins? Victor Zsasz
20%
What is Jim Gordon's rank in the beginning of the film? Sergeant
18%
In which country was Bruce imprisoned? Bhutan
14%
Who was CEO of Wayne Enterprises? William Earle
6%
No matching quizzes found
Score Distribution
Percent of People with Each Score
Percentile by Number Answered
Your Score History
You have not taken this quiz